000
00311nam a22001337a 4500
008
181030b xxu||||| |||| 00| 0 eng d
020
_a
9780683039665
041
_a
eng
080
_2
5th
_a
615
100
_a
5
101
_a
FAR
245
_a
Clinical Pharmacy and Therapeutics
_c
Herfindal,E.T
942
_2
udc
_c
BK
999
_c
51142
_d
51142